LIBRARY & INFORMATION CENTRE, KCAET, TAVANUR

ONLINE PUBLIC ACCESS CATALOGUE (OPAC)

Agricultural sustainability and approaches (Record no. 15301)

MARC details
000 -LEADER
fixed length control field 00525nam a22001817a 4500
020 ## - INTERNATIONAL STANDARD BOOK NUMBER
ISBN 9788176222907
082 ## - DEWEY DECIMAL CLASSIFICATION NUMBER
Classification number 631.5846
Item number SUN/AG
100 ## - MAIN ENTRY--AUTHOR NAME
Personal name SUNIL KUMAR
245 ## - TITLE STATEMENT
Title Agricultural sustainability and approaches
260 ## - PUBLICATION, DISTRIBUTION, ETC. (IMPRINT)
Place of publication Delhi
Name of publisher Biotech books
Year of publication 2013
300 ## - PHYSICAL DESCRIPTION
Number of Pages 439
500 ## - GENERAL NOTE
General note Agricultural sustainability and approaches
520 ## - SUMMARY, ETC.
Summary, etc Agricultural sustainability and approaches
700 ## - ADDED ENTRY--PERSONAL NAME
Personal name Prasad, Birendra
700 ## - ADDED ENTRY--PERSONAL NAME
Personal name Pushpanjali
700 ## - ADDED ENTRY--PERSONAL NAME
Personal name Bahuguna, Abhishek
942 ## - ADDED ENTRY ELEMENTS (KOHA)
Koha item type Books
Holdings
Withdrawn status Lost status Damaged status Home library Current library Date acquired Cost, normal purchase price Full call number Accession Number Koha item type
      KAUAET KAUAET 02/03/2018 2050.00 631.5846 SUN/AG 24844 Books
free website counter